Nommez un Joueur de football Valide - Statistiques

Statistiques générales
  • Ce quiz a été pris 269 fois
  • Le résultat moyen est 11 sur 15
Statistiques - réponses
Nommez un footballeur qui... Joueur % Correct
...ont remporté un Ballon d'Or entre 2000 et 2007 Luís Figo | Michael Owen | Ronaldo | Pavel Nedvěd | Andrij Shevchenko | Ronaldinho | Fabio Cannavaro | Kakà
97%
...ont marqué plus de 100 buts pour leur équipe nationale Cristiano Ronaldo | Lionel Messi | Ali Daei
92%
...a marqué lors de la dernière finale de l'UEFA Champions League Achraf Hakimi | Désiré Doué | Khvicha K'varatskhelia | Senny Mayulu
86%
...a remporté au moins 8 titres de Ligue 1 Presnel Kimpembe | Marco Verratti | Marquinhos
85%
...ont marqué lors de la finale de la Coupe du monde de la FIFA 2018 Mario Mandžukić | Antoine Griezmann | Paul Pogba | Kylian Mbappé | Ivan Perišić
84%
...ont marqué au moins 14 buts lors de la Coupe du monde de la FIFA Miroslav Klose | Ronaldo | Gerd Müller
84%
...ont marqué plus de 80 buts au cours d'une année civile Lionel MessI | Gerd Müller
83%
...ont joué au moins 1 200 matches Peter Shilton | Fábio | Cristiano Ronaldo | Paul Bastock | Rogério Ceni
81%
...a joué au moins 40 matches avec Leicester City lors de la saison 2015/16 Marc Albrighton | Kasper Schmeichel | N'Golo Kanté
78%
...a remporté au moins 10 titres de Bundesliga Thomas Müller | Manuel Neuer | Robert Lewandowski | David Alaba
77%
...ont remporté au moins 6 UEFA Champions League Francisco Gento | Toni Kroos | Daniel Carvajal | Luka Modrić | Nacho
73%
...ont marqué plus de 70 buts sur coup franc Pelé | Juninho Pernambucano
72%
...a joué pour la Juventus, l'Inter Milan et l'AC Milan au 21e siècle Leonardo Bonucci | Andrea Pirlo | Zlatan Ibrahimović
71%
...ont remporté le trophée Pichichi depuis 2021 Karim Benzema | Robert Lewandowski | Artem Dovbyk | Kylian Mbappé
63%
...a remporté au moins 5 FA Cups Ashley Cole | Petr Čech | John Terry | Patrick Vieira
21%
Aucun quiz correspondant
Distribution des résultats
% des personnes avec chaque résultat
Percentile par nombre de réponses
Votre historique - résultats
Vous n’avez pas pris ce quiz